[Event "FRA-ch U18 Girls"]
[Site "Saint Paul Trois Chateaux"]
[Date "2013.05.06"]
[Round "9"]
[White "Tamburro, Clemence"]
[Black "Mouzayek, Sarah"]
[Result "1-0"]
[WhiteElo "1564"]
[BlackElo "1440"]
[PlyCount "87"]
[EventDate "2013.04.28"]
[EventType "swiss"]
[EventRounds "9"]
[EventCountry "FRA"]
[SourceTitle "CBM 154 Extra"]
[Source "ChessBase"]
[SourceDate "2013.06.25"]
[SourceVersion "2"]
[SourceVersionDate "2013.06.25"]
[SourceQuality "1"]

1. e4 c6 2. d4 d5 3. Nc3 dxe4 4. Nxe4 Bf5 5. Ng3 Bg6 6. h4 h6 7. Nf3 Nd7 8. h5 Bh7 9. Bd3 Bxd3 10. Qxd3 Ngf6 11. Bd2 e6 12. 0-0-0 Be7 13. Ne4 0-0 14. Rdg1 Ng4 15. Nh2 Ngf6 16. g4 a5 17. Nf3 Ne8 18. g5 hxg5 19. Bxg5 Kh8 20. Bd2 Ndf6 21. Ne5 Nh7 22. Ng6+ Kg8 23. Nxf8 Kxf8 24. Bc3 Nef6 25. Nxf6 Nxf6 26. Qg3 Ne8 27. h6 g6 28. h7 Bf6 29. h8Q+ Bxh8 30. Rxh8+ Ke7 31. Rh7 Nd6 32. Qg5+ Kd7 33. Qxd8+ Rxd8 34. Bxa5 Ra8 35. Bb4 Rxa2 36. Kb1 Ra4 37. Bxd6 Kxd6 38. Rxf7 Rxd4 39. Rxb7 Rf4 40. Rxg6 Rxf2 41. Rg3 Rf1+ 42. Ka2 Rd1 43. Rd3+ Rxd3 44. cxd3 1-0

[Event "FRA-ch U18 Girls"]
[Site "Saint Paul Trois Chateaux"]
[Date "2013.05.03"]
[Round "6"]
[White "Tamburro, Clemence"]
[Black "Wonner, Sarah"]
[Result "0-1"]
[WhiteElo "1564"]
[BlackElo "1598"]
[PlyCount "130"]
[EventDate "2013.04.28"]
[EventType "swiss"]
[EventRounds "9"]
[EventCountry "FRA"]
[SourceTitle "CBM 154 Extra"]
[Source "ChessBase"]
[SourceDate "2013.06.25"]
[SourceVersion "2"]
[SourceVersionDate "2013.06.25"]
[SourceQuality "1"]

1. e4 e5 2. Nf3 Nc6 3. Bc4 h6 4. 0-0 Nf6 5. d3 d6 6. c3 Bg4 7. Qb3 Qd7 8. Bxf7+ Qxf7 9. Qxb7 Rc8 10. Qxc6+ Kd8 11. Nbd2 Qg6 12. Kh1 Be7 13. a4 Rf8 14. a5 Qh5 15. Ng1 Be2 16. Nxe2 Qxe2 17. d4 Ng4 18. f3 Bg5 19. Qc4 Nf2+ 20. Kg1 Nd3 21. Nb3 Nxc1 22. Qxe2 Nxe2+ 23. Kh1 Nf4 24. dxe5 dxe5 25. Nc5 Be7 26. Rad1+ Ke8 27. Nd7 Rf7 28. Nxe5 Rf6 29. Rd2 Re6 30. Nc4 Rc6 31. Ne3 Ne6 32. Nf5 Bf6 33. Rd5 Nf4 34. Rd2 Rb8 35. g3 Ng6 36. f4 Rc5 37. e5 Nxe5 38. fxe5 Rxe5 39. Nd4 Rd5 40. Rfd1 Bxd4 41. Rxd4 Rxd4 42. Rxd4 Rxb2 43. Rc4 Kd8 44. Rg4 g5 45. Rc4 Kd7 46. Ra4 Kc6 47. h4 Rb5 48. Rc4+ Kd6 49. Rd4+ Rd5 50. hxg5 hxg5 51. Ra4 Rc5 52. c4 Ke5 53. Kg2 g4 54. Kf2 Ke4 55. a6 Kd4 56. Rb4 Ra5 57. Rb7 Rxa6 58. Rxc7 Ra2+ 59. Kf1 Ke3 60. Rf7 a5 61. Rf4 Rc2 62. Kg1 Rc1+ 63. Kg2 Rc2+ 64. Kg1 a4 65. Rxg4 a3 0-1

[Event "FRA-ch U16 Girls"]
[Site "Nimes"]
[Date "2012.04.14"]
[Round "1"]
[White "Tamburro, Clemence"]
[Black "Rigolot, Lucie"]
[Result "0-1"]
[WhiteElo "1504"]
[BlackElo "1954"]
[PlyCount "62"]
[EventDate "2012.04.14"]
[EventType "swiss"]
[EventRounds "9"]
[EventCountry "FRA"]
[SourceTitle "CBM 148 Extra"]
[Source "ChessBase"]
[SourceDate "2012.06.22"]
[SourceVersion "1"]
[SourceVersionDate "2012.06.22"]
[SourceQuality "1"]

1. e4 c5 2. Nf3 d6 3. Bb5+ Bd7 4. Bxd7+ Qxd7 5. d4 cxd4 6. Nxd4 Nf6 7. Nc3 g6 8. Be3 Bg7 9. 0-0 0-0 10. f4 Nc6 11. f5 Ne5 12. Qc1 Nfg4 13. Nf3 Nxe3 14. Nxe5 Bxe5 15. Qxe3 b5 16. a3 a5 17. Rab1 Rab8 18. Ne2 b4 19. axb4 Rxb4 20. fxg6 hxg6 21. b3 Qb7 22. Qd2 Rxe4 23. Ng3 Qb6+ 24. Kh1 Bxg3 25. hxg3 Kg7 26. Rf2 Qc5 27. Ra1 Rh8+ 28. Kg1 Qe5 29. Rxa5 Qxg3 30. Rf3 Re1+ 31. Rf1 Rh1+ 0-1

[Event "FRA-ch U14 Girls"]
[Site "Aix les Bains"]
[Date "2009.04.23"]
[Round "6"]
[White "Bertrand, Meryl"]
[Black "Tamburro, Clemence"]
[Result "1-0"]
[WhiteElo "1610"]
[BlackElo "1380"]
[PlyCount "87"]
[EventDate "2009.04.19"]
[EventType "swiss"]
[EventRounds "9"]
[EventCountry "FRA"]
[SourceTitle "CBM 130 Extra"]
[Source "ChessBase"]
[SourceDate "2009.07.02"]
[SourceVersion "2"]
[SourceVersionDate "2009.07.15"]
[SourceQuality "1"]

1. e4 e5 2. Nf3 Nc6 3. Nc3 Nf6 4. Bb5 Bc5 5. 0-0 d6 6. d3 h6 7. h3 Bd7 8. Be3 Bxe3 9. fxe3 g5 10. d4 g4 11. Bxc6 Bxc6 12. dxe5 gxf3 13. Qxf3 dxe5 14. Qxf6 Qxf6 15. Rxf6 Ke7 16. Raf1 Rh7 17. R6f5 Ke6 18. Rf6+ Ke7 19. Nd5+ Bxd5 20. exd5 Rd8 21. e4 Rd6 22. R6f5 f6 23. c4 Rg7 24. R1f3 Rg5 25. g4 c6 26. c5 Rxf5 27. cxd6+ Kxd6 28. Rxf5 cxd5 29. exd5 Kxd5 30. Rxf6 e4 31. Rxh6 Kd4 32. Re6 e3 33. g5 Kd3 34. g6 Kd2 35. g7 e2 36. g8Q e1Q+ 37. Rxe1 Kxe1 38. h4 a5 39. h5 b5 40. h6 b4 41. h7 a4 42. h8R a3 43. Qg2 axb2 44. Rh1 1-0

[Event "FRA-ch U14 Girls"]
[Site "Aix les Bains"]
[Date "2009.04.22"]
[Round "5"]
[White "Tamburro, Clemence"]
[Black "Bekhouche, Marion"]
[Result "0-1"]
[WhiteElo "1380"]
[BlackElo "1638"]
[PlyCount "86"]
[EventDate "2009.04.19"]
[EventType "swiss"]
[EventRounds "9"]
[EventCountry "FRA"]
[SourceTitle "CBM 130 Extra"]
[Source "ChessBase"]
[SourceDate "2009.07.02"]
[SourceVersion "2"]
[SourceVersionDate "2009.07.15"]
[SourceQuality "1"]

1. e4 e6 2. d4 d5 3. e5 c5 4. c3 Qb6 5. Nf3 Nc6 6. Be2 cxd4 7. cxd4 Nh6 8. b3 Nf5 9. Bb2 Bb4+ 10. Kf1 0-0 11. a3 Be7 12. Nc3 Bd7 13. Na4 Qc7 14. g3 f6 15. Kg2 fxe5 16. dxe5 Nh6 17. Rc1 Be8 18. Nc5 Bxc5 19. Rxc5 Bg6 20. Rc1 Be4 21. Re1 Rf5 22. Kg1 Raf8 23. Nd4 Qb6 24. Nxf5 Rxf5 25. Rf1 Rf8 26. b4 Nf5 27. Bg4 Ne3 28. Bxe6+ Kh8 29. Qh5 Nxf1 30. Rxf1 Bd3 31. Bf7 Bxf1 32. Kxf1 Nd8 33. e6 Nxe6 34. f4 Qe3 35. Be5 Qd3+ 36. Kg2 Nd4 37. Qg5 Qc2+ 38. Kh3 Qf5+ 39. Qxf5 Nxf5 40. Bxd5 b6 41. g4 Ne3 42. Be4 Nc4 43. Bd4 Rxf4 0-1

[Event "FRA-ch U12 Girls"]
[Site "Le Grand Bornand"]
[Date "2007.04.??"]
[Round "1"]
[White "Aggoune, Audessa"]
[Black "Tamburro, Clemence"]
[Result "1-0"]
[WhiteElo "1620"]
[BlackElo "1340"]
[PlyCount "55"]
[EventDate "2007.04.07"]
[EventType "swiss"]
[EventRounds "9"]
[EventCountry "FRA"]
[SourceTitle "CBM 118 Extra"]
[Source "ChessBase"]
[SourceDate "2007.07.04"]
[SourceVersion "1"]
[SourceVersionDate "2007.07.04"]
[SourceQuality "1"]

1. d4 d5 2. c4 e5 3. Nc3 dxc4 4. a3 exd4 5. Nb5 Nc6 6. Bf4 Bd6 7. Bxd6 cxd6 8. Nxd4 Ne5 9. Rc1 Qb6 10. b3 cxb3 11. Nxb3 Ng4 12. e3 Be6 13. Bc4 Bd7 14. h3 Ne5 15. Bd5 Bb5 16. Rc3 Nf6 17. Bf3 0-0 18. Nd4 Rab8 19. Qb3 Nxf3+ 20. Ngxf3 Ne4 21. Rc1 Qa5+ 22. Qb4 Qxb4+ 23. axb4 Bd7 24. Rc7 Ba4 25. 0-0 Rfc8 26. Rfc1 Nf6 27. Rxc8+ Rxc8 28. Rxc8+ 1-0